LDR 00889naa#a2200181#i#450# 001 RU\RIOR\bibl\122338 005 20260629103558.1 011 ## _a2409-6024 100 ## _a20260530b2026####ek#y0rusy0150####ca 102 ## _aRU 200 1# _aВОСПРОИЗВОДСТВО ТРУДОВЫХ РЕСУРСОВ ДЛЯ АПК РОССИИ: ИНСТИТУЦИОНАЛЬНЫЕ МЕХАНИЗМЫ НЕПРЕРЫВНОГО ОБРАЗОВАНИЯ И РЕГИОНАЛЬНАЯ ДИФФЕРЕНЦИАЦИЯ _eЖурнальная статья 210 1# _aМосква _cООО "Издательский Центр РИОР" _d2026 215 ## _a11 с. 608 ## _aЖурнальная статья _2local 700 #1 _aАфанасьева _gЕлена Петровна 700 #1 _aМалина _gАлия Бахтагалиевна 700 #1 _aНовоселова _gОльга Владимировна 856 4# _arusjm.ru _u